Fr. Conceicao Rodrigues College of Engineering

Mastering autocad Release 12 (Record no. 32258)

MARC details
000 -LEADER
fixed length control field 00252nam a2200121Ia 4500
100 ## - MAIN ENTRY--PERSONAL NAME
Personal name Omura/George
245 ## - TITLE STATEMENT
Title Mastering autocad Release 12
260 ## - PUBLICATION, DISTRIBUTION, ETC.
Name of publisher, distributor, etc. BPB
Place of publication, distribution, etc. Delhi
Date of publication, distribution, etc. 1994
300 ## - PHYSICAL DESCRIPTION
Extent 645
546 ## - LANGUAGE NOTE
Language note ENGLISH
654 ## - SUBJECT ADDED ENTRY--FACETED TOPICAL TERMS
Focus term mastering
942 ## - ADDED ENTRY ELEMENTS (KOHA)
Koha item type BOOK
Holdings
Withdrawn status Lost status Damaged status Not for loan Collection Home library Current library Date acquired Cost, normal purchase price Total Checkouts Full call number Barcode Date last seen Cost, replacement price Price effective from Koha item type Source of acquisition
        CRC Fr. Agnel's C.Rodrigues College of Engineering Fr. Agnel's C.Rodrigues College of Engineering 17/03/2023 270.00   5234 17/03/2023 270.00 17/03/2023 BOOK  
        CRC Fr. Agnel's C.Rodrigues College of Engineering Fr. Agnel's C.Rodrigues College of Engineering 17/03/2023 300.00   6.6 PAN 6718 17/03/2023 300.00 17/03/2023 BOOK global books
        CRC Fr. Agnel's C.Rodrigues College of Engineering Fr. Agnel's C.Rodrigues College of Engineering 17/03/2023 300.00   6.6 PAN 6719 17/03/2023 300.00 17/03/2023 BOOK global books